| 000 | 00675nam a2200229 i 4500 | ||
|---|---|---|---|
| 001 | 117600 | ||
| 003 | ES-MaACL | ||
| 005 | 20251201163629.0 | ||
| 007 | t| | ||
| 008 | 070214s1981 sp r ||||1| spa d | ||
| 020 | _a84-7020-101-8 | ||
| 080 | _a929 Prim, Juan | ||
| 100 | 1 |
_aPedrol Rius, Antonio. _989934 |
|
| 245 | 1 | 0 |
_aQuién mató a Prim / _cAntonio Pedrol Rius. |
| 250 | _a3ª ed. | ||
| 260 |
_aMadrid : _bSociedad de Educación Atenas, _c1981. |
||
| 300 |
_a131 p., [6] h. de lám. ; _c18 cm. |
||
| 600 | 1 | 4 |
_aPrim, Juan, _d1814-1870 _9242561 |
| 710 | 2 |
_aSociedad de Educación Atenas _96665 |
|
| 852 |
_aES-MaACL _jL-620 |
||
| 999 |
_c117600 _d117600 |
||